|
|
|
|
| LEADER |
00000naa0a2200000 4500 |
| 001 |
595957 |
| 005 |
20250318155839.0 |
| 035 |
|
|
|a (RuTPU)RU\TPU\tpu\17862
|
| 035 |
|
|
|a RU\TPU\tpu\17860
|
| 090 |
|
|
|a 595957
|
| 100 |
|
|
|a 20100726d2006 k y0rusy50 ca
|
| 101 |
0 |
|
|a rus
|
| 102 |
|
|
|a RU
|
| 200 |
1 |
|
|a Керамические покрытия с добавлением гидроксиапатита для сплавов титана
|f Е. А. Кулинич, Т. А. Хабас, В. И. Верещагин
|
| 333 |
|
|
|a В фонде НТБ ТПУ отсутствует
|
| 463 |
|
|
|t Всероссийское совещание "Биокерамика в медицине" (Москва, 21-22 ноября 2006)
|o сборник тезисов докладов
|v С. 66-67
|d 2006
|
| 610 |
1 |
|
|a труды учёных ТПУ
|
| 700 |
|
1 |
|a Кулинич
|b Е. А.
|c химик
|c доцент Томского политехнического университета, кандидат технических наук
|f 1975-
|g Екатерина Александровна
|3 (RuTPU)RU\TPU\pers\25615
|9 11544
|
| 701 |
|
1 |
|a Хабас
|b Т. А.
|c химик
|c профессор Томского политехнического университета, доктор технических наук
|f 1949-
|g Тамара Андреевна
|3 (RuTPU)RU\TPU\pers\25651
|9 11562
|
| 701 |
|
1 |
|a Верещагин
|b В. И.
|c химик-технолог
|c профессор Томского политехнического университета, доктор технических наук
|f 1942-
|g Владимир Иванович
|3 (RuTPU)RU\TPU\pers\19774
|9 7712
|
| 801 |
|
1 |
|a RU
|b 63413507
|c 20100726
|
| 801 |
|
2 |
|a RU
|b 63413507
|c 20100726
|g RCR
|
| 942 |
|
|
|c BK
|